| 000 | 00459cam a2200181ua 4500 | ||
|---|---|---|---|
| 020 | _c700.00 | ||
| 041 |
_aeng _h |
||
| 082 |
_a333.731 _bABH/LA |
||
| 100 | _aAbha Lakshmi, Singh . | ||
| 245 |
_aLand resource management / _cAbha Lakshmi Singh. _hTextual Documents |
||
| 260 |
_a : _bB R Publishing Corporation , _c1946. |
||
| 300 | _a407 ; . | ||
| 365 | _a700.00 | ||
| 500 | _a**Reference | ||
| 504 | _a | ||
| 942 | _cBK | ||
| 999 |
_c10473 _d10473 |
||